Dane v transformačnom procese
Úloha daní v spoločnosti. Príčiny neplnenia funkcií daní v spoločnosti. Rozsiahle daňové úniky. Nejednoznačnosť uplatňovanej daňovej sústavy. Nestabilita a netransparentnosť daňového prostredia. Neadekvátne daňové zaťaženie. Mechanizmus výberu daní.
Uložené v:
| Hlavný autor: | |
|---|---|
| Médium: | Kapitola |
| Jazyk: | Slovak |
| Predmet: | |
| Tagy: |
Žiadne tagy, Buďte prvý, kto otaguje tento záznam!
|
MARC
| LEADER | 00000naa$a2200000$$$4500 | ||
|---|---|---|---|
| 001 | 0112151 | ||
| 005 | 20240502083258.7 | ||
| 041 | 0 | |a slo | |
| 044 | |a CZ | ||
| 245 | 1 | 0 | |a Dane v transformačnom procese |c Vladimír Gonda |
| 520 | |a Úloha daní v spoločnosti. Príčiny neplnenia funkcií daní v spoločnosti. Rozsiahle daňové úniky. Nejednoznačnosť uplatňovanej daňovej sústavy. Nestabilita a netransparentnosť daňového prostredia. Neadekvátne daňové zaťaženie. Mechanizmus výberu daní. | ||
| 610 | 2 | 0 | |a Slovensko |
| 610 | 2 | 0 | |a transformácia |
| 610 | 2 | 0 | |a únik daňový |
| 610 | 2 | 0 | |a politika fiškálna |
| 610 | 2 | 0 | |a optimalizácia daňová |
| 610 | 2 | 0 | |a sústava daňová |
| 100 | 1 | |a Gonda, Vladimír | |